[Event "Junior Online 4NCL Division 4"]
[Site "online"]
[Date "2020.10.15"]
[Round "5.62"]
[White "Caves, Fraser"]
[Black "Oh, Julie"]
[Result "0-1"]
[WhiteElo "1427"]
[BlackElo "1487"]
[PlyCount "164"]
[EventDate "2020.10.15"]
[WhiteTeam "KEGS Chelmsford"]
[BlackTeam "JHJ 2"]

1. e4 c5 2. Nf3 e6 3. Nc3 Nc6 4. Bc4 a6 5. d3 b5 6. Bb3 Qc7 7. Be3 Nf6 8. a3
Bb7 9. g3 Be7 10. Bf4 Bd6 11. Bg5 Nd4 12. Ba2 h6 13. Be3 Nxf3+ 14. Qxf3 b4 15.
axb4 cxb4 16. Ne2 Qxc2 17. O-O Qxd3 18. Rad1 Bxe4 19. Rxd3 Bxf3 20. Nd4 Be4 21.
Rd2 Be7 22. f3 Bc6 23. Kf2 O-O 24. Rc1 Bd5 25. Bxd5 Nxd5 26. Nc2 Nxe3 27. Nxe3
Rac8 28. Ra1 Rc6 29. Rxd7 Bc5 30. Ra4 Bxe3+ 31. Kxe3 Rb8 32. Ra7 Rbb6 33. Kd4
g5 34. Ke5 Kg7 35. h3 Kg6 36. f4 f6+ 37. Kd4 gxf4 38. gxf4 Kf5 39. Ke3 e5 40.
fxe5 fxe5 41. Rf7+ Kg6 42. Rf1 Rf6 43. Rg1+ Kf5 44. Rf1+ Ke6 45. Rc1 h5 46. Ra5
Kf5 47. Rf1+ Kg5 48. Rxe5+ Kg6 49. Rg1+ Kh6 50. Re8 Rfe6+ 51. Rxe6+ Rxe6+ 52.
Kd4 a5 53. Kd5 Rg6 54. Rxg6+ Kxg6 55. Kc5 Kg5 56. Kb5 Kh4 57. Kxa5 b3 58. Kb4
Kxh3 59. Kxb3 Kg2 60. Kc4 h4 61. b4 h3 62. b5 h2 63. Kc5 h1=Q 64. b6 Qc1+ 65.
Kb5 Qg5+ 66. Kc6 Qf6+ 67. Kb5 Qe5+ 68. Kc6 Qe6+ 69. Kc7 Qc4+ 70. Kb7 Kf3 71.
Ka7 Qa4+ 72. Kb8 Qe8+ 73. Kc7 Qe7+ 74. Kb8 Ke4 75. b7 Qd6+ 76. Ka8 Qc6 77. Ka7
Qc7 78. Ka8 Qa5+ 79. Kb8 Kd5 80. Kc8 Qc5+ 81. Kb8 Kc6 82. Kc8 Qf8# 0-1

[Event "Junior Online 4NCL Division 4"]
[Site "online"]
[Date "2020.10.15"]
[Round "5.63"]
[White "Groot Wassink, Leon"]
[Black "Poon, Evan"]
[Result "1-0"]
[WhiteElo "1487"]
[BlackElo "1112"]
[PlyCount "43"]
[EventDate "2020.10.15"]
[WhiteTeam "JHJ 2"]
[BlackTeam "KEGS Chelmsford"]

1. e4 e5 2. Nf3 Nc6 3. Bb5 d6 4. c3 Bd7 5. Bxc6 Bxc6 6. d3 Nf6 7. Nbd2 g6 8.
O-O Bg7 9. Re1 Qe7 10. Qc2 O-O-O 11. a4 h5 12. b4 h4 13. h3 Rh5 14. a5 a6 15.
c4 b5 16. cxb5 Bxb5 17. Nc4 Rg8 18. Na3 Bh6 19. Nxb5 axb5 20. a6 Kb8 21. a7+
Ka8 22. Qc6# 1-0

[Event "Junior Online 4NCL Division 4"]
[Site "online"]
[Date "2020.10.15"]
[Round "5.64"]
[White "Thompson, Thomas George"]
[Black "Harb, Laith A"]
[Result "1/2-1/2"]
[WhiteElo "1075"]
[BlackElo "1472"]
[PlyCount "95"]
[EventDate "2020.10.15"]
[WhiteTeam "KEGS Chelmsford"]
[BlackTeam "JHJ 2"]

1. e4 c5 2. c3 d6 3. d4 cxd4 4. cxd4 Nf6 5. Nc3 Nbd7 6. Bd3 e6 7. Nf3 Be7 8.
Bg5 O-O 9. e5 dxe5 10. dxe5 Ne8 11. Bxe7 Qxe7 12. O-O Nc7 13. Ne4 Nd5 14. Nd6
Nf4 15. Be4 Ng6 16. Rc1 Nb6 17. Rc3 Rd8 18. Qc2 Nxe5 19. Nxc8 Nxf3+ 20. Bxf3
Raxc8 21. Be4 Rxc3 22. Qxc3 Qf6 23. Qxf6 gxf6 24. Bxb7 Rd2 25. Rb1 Nc4 26. b3
Na3 27. Ra1 Kg7 28. g3 Nb5 29. a4 Nd4 30. Rb1 Ra2 31. Bg2 Ra3 32. b4 Rxa4 33.
b5 Ra5 34. Bc6 Nxc6 35. bxc6 Rc5 36. Rb7 Rxc6 37. Rxa7 Rc1+ 38. Kg2 Kg6 39. Kf3
Rh1 40. h4 f5 41. Ra8 Kg7 42. Ra5 h5 43. Kf4 Rf1 44. f3 Kg6 45. Ra6 Kg7 46. Ra5
Kg6 47. Ra6 Kg7 48. Ra5 1/2-1/2

[Event "Junior Online 4NCL Division 4"]
[Site "online"]
[Date "2020.10.15"]
[Round "5.65"]
[White "Arun Jacob, Nigel A"]
[Black "Patel, Krrish"]
[Result "0-1"]
[WhiteElo "1525"]
[BlackElo "1547"]
[PlyCount "81"]
[EventDate "2020.10.15"]
[WhiteTeam "KEGS Chelmsford"]
[BlackTeam "JHJ 2"]

1. d4 Nf6 2. c4 g6 3. Nc3 Bg7 4. Bf4 O-O 5. e3 d6 6. Nf3 Nbd7 7. Be2 b6 8. O-O
c5 9. d5 Bb7 10. Nd2 a6 11. Bf3 Ne8 12. a3 Ne5 13. Be2 f5 14. Nf3 Nxf3+ 15.
Bxf3 Nf6 16. Qc2 Nd7 17. Rad1 Ne5 18. Be2 Qd7 19. Bg3 Rae8 20. f4 Nf7 21. Bf3
Ba8 22. Bf2 e5 23. dxe6 Qxe6 24. Bd5 Bxd5 25. Nxd5 b5 26. b3 Qe4 27. Qxe4 Rxe4
28. Nc7 bxc4 29. bxc4 Rxc4 30. Nxa6 Ra8 31. Nc7 Rxa3 32. Rb1 Rb4 33. Rbd1 c4
34. Nd5 Rbb3 35. Be1 Rd3 36. Rb1 Rab3 37. Rxb3 cxb3 38. Nc7 b2 39. Ba5 Ra3 40.
Bb4 Ra1 41. Nd5 0-1

[Event "Junior Online 4NCL Division 4"]
[Site "online"]
[Date "2020.10.15"]
[Round "5.66"]
[White "Oh, Julie"]
[Black "Caves, Fraser"]
[Result "0-1"]
[WhiteElo "1487"]
[BlackElo "1427"]
[PlyCount "106"]
[EventDate "2020.10.15"]
[WhiteTeam "JHJ 2"]
[BlackTeam "KEGS Chelmsford"]

1. e4 e5 2. Nf3 f5 3. Nc3 fxe4 4. Nxe5 Nf6 5. Qe2 d5 6. d3 Nc6 7. Nxc6 bxc6 8.
dxe4 dxe4 9. Nxe4 Be6 10. Nxf6+ Qxf6 11. Qf3 Qe7 12. Qxc6+ Bd7+ 13. Be2 Bxc6
14. f3 Qh4+ 15. g3 Qf6 16. O-O Bc5+ 17. Kg2 O-O 18. Bf4 Qxb2 19. Bc4+ Kh8 20.
Rac1 Bb5 21. Bxb5 Qxb5 22. Bxc7 Qe2+ 23. Kh3 Rxf3 24. Rce1 Qd2 25. Bf4 Qd7+ 26.
Kg2 Rxf1 27. Rxf1 h6 28. c4 Qc6+ 29. Kh3 Bd6 30. Bxd6 Qxd6 31. a4 Rf8 32. Rc1
Qe6+ 33. Kg2 Qe3 34. Rd1 Qe2+ 35. Kh3 Qxd1 36. c5 Qc2 37. c6 Rf1 38. c7 Qxc7
39. a5 Qd7+ 40. Kg2 Ra1 41. a6 Rxa6 42. h4 Ra2+ 43. Kf3 Qd3+ 44. Kg4 h5+ 45.
Kxh5 Ra4 46. g4 Qd5+ 47. g5 Qd1+ 48. Kg6 Qd5 49. Kh5 g6+ 50. Kxg6 Rxh4 51. Kf6
Rf4+ 52. Kg6 Qf7+ 53. Kh6 Rh4# 0-1

[Event "Junior Online 4NCL Division 4"]
[Site "online"]
[Date "2020.10.15"]
[Round "5.67"]
[White "Poon, Evan"]
[Black "Groot Wassink, Leon"]
[Result "1/2-1/2"]
[WhiteElo "1112"]
[BlackElo "1487"]
[PlyCount "82"]
[EventDate "2020.10.15"]
[WhiteTeam "KEGS Chelmsford"]
[BlackTeam "JHJ 2"]

1. e4 e5 2. Nf3 Nc6 3. Bc4 Nf6 4. Nc3 Be7 5. d3 d6 6. Be3 Ng4 7. h3 Nxe3 8.
fxe3 Bh4+ 9. Nxh4 Qxh4+ 10. Kd2 Qf2+ 11. Qe2 Qxe2+ 12. Kxe2 O-O 13. Raf1 Be6
14. Nd5 Bxd5 15. Bxd5 Nb4 16. Kd2 c6 17. Bb3 a5 18. a3 Na6 19. d4 Nc7 20. d5 c5
21. c4 a4 22. Bd1 f6 23. Bg4 Rad8 24. h4 g6 25. h5 g5 26. Bf5 Ne8 27. g4 Ng7
28. h6 Nxf5 29. exf5 e4 30. Kc3 Ra8 31. Ra1 Ra6 32. Rhb1 Rb6 33. b3 axb3 34.
Rxb3 Rxb3+ 35. Kxb3 Rb8 36. a4 Kf8 37. Rb1 Ke7 38. Ka3 Kd7 39. a5 Kc7 40. Ka4
Ra8 41. Kb5 Ra6 1/2-1/2

[Event "Junior Online 4NCL Division 4"]
[Site "online"]
[Date "2020.10.15"]
[Round "5.68"]
[White "Harb, Laith A"]
[Black "Thompson, Thomas George"]
[Result "1-0"]
[WhiteElo "1472"]
[BlackElo "1075"]
[PlyCount "131"]
[EventDate "2020.10.15"]
[WhiteTeam "JHJ 2"]
[BlackTeam "KEGS Chelmsford"]

1. d4 c5 2. e3 cxd4 3. exd4 Nf6 4. c4 e6 5. Nc3 Bb4 6. Bd2 Nc6 7. Nf3 d5 8.
cxd5 exd5 9. Be2 Ne4 10. Nxe4 Bxd2+ 11. Qxd2 dxe4 12. Ne5 Nxd4 13. Rd1 f6 14.
Bb5+ Bd7 15. Bxd7+ Ke7 16. Qxd4 fxe5 17. Qxe5+ Kf8 18. Qd6+ Qe7 19. Qf4+ Qf7
20. Qxf7+ Kxf7 21. Bh3 Rad8 22. Rxd8 Rxd8 23. O-O h5 24. g3 Rd2 25. Rb1 Re2 26.
Bg2 Ke6 27. Kf1 Rc2 28. Bxe4 Rc4 29. Bxb7 Kf5 30. Bd5 Rd4 31. Bg8 Kg4 32. h4
Kf3 33. Bf7 Rd2 34. Bxh5+ Ke4 35. b4 Rxa2 36. b5 Ra5 37. Be2 Ra2 38. b6 axb6
39. Rxb6 Ra1+ 40. Kg2 Ra2 41. Re6+ Kf5 42. Re7 Kf6 43. Re6+ Kxe6 44. Bc4+ Kf5
45. Bxa2 Kg4 46. Be6+ Kh5 47. Kf3 Kg6 48. Kf4 Kf6 49. Bh3 Kg6 50. g4 Kh6 51.
g5+ Kg6 52. Bf5+ Kh5 53. Kg3 g6 54. Bxg6+ Kxg6 55. Kg4 Kh7 56. f4 Kg6 57. h5+
Kh7 58. g6+ Kh6 59. f5 Kg7 60. Kg5 Kg8 61. h6 Kh8 62. g7+ Kh7 63. f6 Kg8 64.
Kf5 Kh7 65. f7 Kxh6 66. f8=Q 1-0

[Event "Junior Online 4NCL Division 4"]
[Site "online"]
[Date "2020.10.15"]
[Round "5.72"]
[White "Wang, Luoke"]
[Black "Smolders, Thomas"]
[Result "1-0"]
[WhiteElo "1075"]
[BlackElo "1427"]
[PlyCount "53"]
[EventDate "2020.10.15"]
[WhiteTeam "JHJ 7"]
[BlackTeam "The Hall 1"]

1. d4 d5 2. c4 c6 3. Nc3 Nf6 4. Nf3 Bf5 5. cxd5 cxd5 6. Qb3 Qb6 7. Nxd5 Qxb3 8.
Nxf6+ gxf6 9. axb3 Bc2 10. Bf4 Bxb3 11. e3 a6 12. Bd3 Nc6 13. Ke2 e6 14. Rhc1
Rg8 15. g3 Bd5 16. e4 e5 17. exd5 Nb4 18. dxe5 fxe5 19. Nxe5 Nxd5 20. Bd2 Bg7
21. f4 Kf8 22. Bc4 Bxe5 23. fxe5 Nb6 24. Bb4+ Kg7 25. Bb3 Rge8 26. Kf3 Nd5 27.
Bxd5 1-0

[Event "Junior Online 4NCL Division 4"]
[Site "online"]
[Date "2020.10.15"]
[Round "5.73"]
[White "Jhamna, Florian"]
[Black "Bryant, Amelie"]
[Result "0-1"]
[WhiteElo "1405"]
[BlackElo "970"]
[PlyCount "34"]
[EventDate "2020.10.15"]
[WhiteTeam "The Hall 1"]
[BlackTeam "JHJ 7"]

1. e4 e5 2. Bc4 Bc5 3. c3 Nc6 4. Nf3 Nf6 5. d4 exd4 6. cxd4 Bb4+ 7. Bd2 Nxe4 8.
Bxb4 Nxb4 9. Qb3 O-O 10. Qxb4 d5 11. Bb3 Re8 12. O-O Bg4 13. Ne5 Bf5 14. Re1
Qh4 15. Bxd5 Qxf2+ 16. Kh1 a5 17. Qxb7 Qxe1# 0-1

[Event "Junior Online 4NCL Division 4"]
[Site "online"]
[Date "2020.10.15"]
[Round "5.74"]
[White "Broachi, Zain"]
[Black "Patel, Ishaan"]
[Result "0-1"]
[WhiteElo "820"]
[BlackElo "1345"]
[PlyCount "40"]
[EventDate "2020.10.15"]
[WhiteTeam "JHJ 7"]
[BlackTeam "The Hall 1"]

1. e4 e5 2. Nf3 Nc6 3. Bc4 Bc5 4. O-O Nf6 5. Ng5 O-O 6. Nc3 h6 7. Nf3 d6 8. d3
Be6 9. Bxe6 fxe6 10. Ng5 hxg5 11. Bxg5 Qe7 12. Qd2 Qf7 13. Nb5 a6 14. Nc3 Ng4
15. d4 Bxd4 16. Ne2 Bxf2+ 17. Rxf2 Qxf2+ 18. Kh1 Nd4 19. Re1 Nxe2 20. Rxe2 Qf1#
0-1

[Event "Junior Online 4NCL Division 4"]
[Site "online"]
[Date "2020.10.15"]
[Round "5.76"]
[White "Smolders, Thomas"]
[Black "Wang, Luoke"]
[Result "0-1"]
[WhiteElo "1427"]
[BlackElo "1075"]
[PlyCount "136"]
[EventDate "2020.10.15"]
[WhiteTeam "The Hall 1"]
[BlackTeam "JHJ 7"]

1. e4 c5 2. Nc3 Nc6 3. Nf3 d6 4. Bb5 Bd7 5. d3 Nf6 6. Bg5 e6 7. h3 Be7 8. O-O
O-O 9. Qd2 a6 10. Bxc6 Bxc6 11. Rfe1 h6 12. Bh4 Nd7 13. Bxe7 Qxe7 14. Qe3 b5
15. d4 b4 16. Ne2 a5 17. a3 c4 18. axb4 axb4 19. b3 c3 20. Ng3 Nf6 21. Qd3 e5
22. d5 Bd7 23. Qc4 Rab8 24. Qd3 Bb5 25. Qe3 Ra8 26. Nf5 Qd7 27. N3h4 Kh7 28.
Qg3 g6 29. Ne3 Nxe4 30. Qf3 Nc5 31. Ng4 Qe7 32. g3 f5 33. Ne3 e4 34. Qh1 Ra7
35. f3 Rfa8 36. Rxa7 Rxa7 37. fxe4 Qxe4 38. Qxe4 Nxe4 39. Kg2 Re7 40. Nc4 Bxc4
41. bxc4 Rc7 42. g4 Rxc4 43. gxf5 gxf5 44. Nxf5 Kg6 45. Nxd6 Nxd6 46. Re6+ Kg7
47. Rxd6 b3 48. Rd7+ Kf6 49. cxb3 c2 50. bxc4 c1=Q 51. Rd6+ Kg7 52. Rd7+ Kg6
53. Rd6+ Kh5 54. Rc6 Qd2+ 55. Kf3 Qd3+ 56. Kg2 Qe2+ 57. Kg3 Qe5+ 58. Kg2 Qg5+
59. Kf3 Qh4 60. Kg2 Qd4 61. Kg3 Kg5 62. Kf3 h5 63. Kg3 h4+ 64. Kg2 Qf4 65. Kg1
Qd2 66. Rc8 Qe1+ 67. Kg2 Qg3+ 68. Kf1 Kf4 0-1

[Event "Junior Online 4NCL Division 4"]
[Site "online"]
[Date "2020.10.15"]
[Round "5.77"]
[White "Bryant, Amelie"]
[Black "Jhamna, Florian"]
[Result "0-1"]
[WhiteElo "970"]
[BlackElo "1405"]
[PlyCount "42"]
[EventDate "2020.10.15"]
[WhiteTeam "JHJ 7"]
[BlackTeam "The Hall 1"]

1. d4 e6 2. Nf3 d5 3. c4 dxc4 4. e4 c5 5. Bxc4 Qb6 6. O-O Nc6 7. d5 exd5 8.
exd5 Nd4 9. Re1+ Be7 10. Nxd4 cxd4 11. Na3 Nf6 12. Nb5 O-O 13. Nxd4 Bc5 14. Ne6
fxe6 15. Rf1 Kh8 16. dxe6 Bxe6 17. Bxe6 Qxe6 18. Qf3 Ne4 19. Qe2 Nxf2 20. Qxe6
Nh3+ 21. Kh1 Rxf1# 0-1

[Event "Junior Online 4NCL Division 4"]
[Site "online"]
[Date "2020.10.15"]
[Round "5.78"]
[White "Patel, Ishaan"]
[Black "Broachi, Zain"]
[Result "1-0"]
[WhiteElo "1345"]
[BlackElo "820"]
[PlyCount "53"]
[EventDate "2020.10.15"]
[WhiteTeam "The Hall 1"]
[BlackTeam "JHJ 7"]

1. e4 e5 2. Nf3 Nc6 3. Nc3 Bc5 4. Bc4 Nf6 5. d3 O-O 6. Be3 d6 7. O-O Nd4 8.
Bxd4 exd4 9. Nd5 Ng4 10. h3 Nf6 11. Nd2 Nxd5 12. Bxd5 c6 13. Bb3 d5 14. exd5
cxd5 15. Re1 Bd6 16. Qf3 Qg5 17. Nf1 Bb4 18. Re2 Bd7 19. Bxd5 Rae8 20. Rxe8
Bxe8 21. a3 Bd6 22. Re1 Bd7 23. Ng3 h6 24. Ne4 Qxd5 25. Nf6+ gxf6 26. Qxd5 Be6
27. Qxd6 1-0

[Event "Junior Online 4NCL Division 4"]
[Site "online"]
[Date "2020.10.15"]
[Round "5.81"]
[White "Xu, Tianyou"]
[Black "Zhou, Sansan"]
[Result "0-1"]
[WhiteElo "1390"]
[BlackElo "1337"]
[PlyCount "76"]
[EventDate "2020.10.15"]
[WhiteTeam "JHJ 4"]
[BlackTeam "Barnet Knights C"]

1. e4 e5 2. Nf3 Nc6 3. Bc4 Bc5 4. d3 Nf6 5. Nc3 d6 6. Bg5 h6 7. Be3 Bg4 8. Nd5
Bd4 9. c3 Bxe3 10. fxe3 Nxd5 11. Bxd5 Rb8 12. O-O Ne7 13. Qe1 Nxd5 14. exd5 c6
15. c4 cxd5 16. cxd5 Qf6 17. Nh4 Qg5 18. Qf2 Rf8 19. Nf3 Qg6 20. Qg3 Bxf3 21.
Qxf3 Qxd3 22. Rad1 Qc2 23. Rf2 e4 24. Rxc2 exf3 25. gxf3 f5 26. Rc7 Rf7 27.
Rxf7 Kxf7 28. Rc1 Re8 29. Rc7+ Re7 30. Rxe7+ Kxe7 31. Kg2 Kf6 32. Kg3 g5 33. h4
Ke5 34. hxg5 hxg5 35. f4+ gxf4+ 36. exf4+ Kxd5 37. Kf3 Kd4 38. Ke2 Ke4 0-1

[Event "Junior Online 4NCL Division 4"]
[Site "online"]
[Date "2020.10.15"]
[Round "5.82"]
[White "Malus, Sean"]
[Black "Hatem, Mika"]
[Result "0-1"]
[WhiteElo "1330"]
[BlackElo "1405"]
[PlyCount "48"]
[EventDate "2020.10.15"]
[WhiteTeam "Barnet Knights C"]
[BlackTeam "JHJ 4"]

1. e4 e5 2. Nf3 Nc6 3. Bc4 Bc5 4. Nc3 Nf6 5. d3 d6 6. Bg5 Be6 7. Nd5 Bxd5 8.
exd5 Na5 9. Bb5+ c6 10. dxc6 bxc6 11. Ba6 Qb6 12. Rb1 Ng4 13. O-O Bxf2+ 14.
Rxf2 Qxf2+ 15. Kh1 Qb6 16. Bc4 Nf2+ 17. Kg1 Nxd1+ 18. Kh1 Nf2+ 19. Kg1 Nh3+ 20.
Kh1 Nf2+ 21. Kg1 d5 22. Nxe5 Nh3+ 23. Kh1 Qg1+ 24. Rxg1 Nf2# 0-1

[Event "Junior Online 4NCL Division 4"]
[Site "online"]
[Date "2020.10.15"]
[Round "5.83"]
[White "Stehlin, Nathan"]
[Black "Ethelontis, Elena"]
[Result "1-0"]
[WhiteElo "1360"]
[BlackElo "1292"]
[PlyCount "133"]
[EventDate "2020.10.15"]
[WhiteTeam "JHJ 4"]
[BlackTeam "Barnet Knights C"]

1. c4 e5 2. e3 Nc6 3. d4 d6 4. Nf3 f6 5. Nc3 Bd7 6. Nd5 Nge7 7. Nc3 Ng6 8. Bd3
Qe7 9. Bd2 O-O-O 10. Qb3 exd4 11. Nb5 dxe3 12. Bxe3 Kb8 13. a4 Nge5 14. Nxe5
fxe5 15. Be4 b6 16. Bxc6 Bxc6 17. f3 g5 18. a5 Rd7 19. axb6 cxb6 20. Kf2 Rb7
21. Ra6 Bg7 22. Rha1 Bxb5 23. Qxb5 e4 24. fxe4 Qf6+ 25. Kg1 Qe7 26. Bxg5 Qf7
27. Qd5 Qxd5 28. exd5 Bxb2 29. Rb1 Be5 30. Ra2 Rg8 31. Be3 Rg4 32. Rc2 Rh4 33.
g3 Rg4 34. Kg2 Re4 35. Kf3 Rxe3+ 36. Kxe3 Rf7 37. Rf2 Re7 38. Kd3 Kb7 39. Rbf1
Ka6 40. Rf7 Rxf7 41. Rxf7 h6 42. Rh7 h5 43. Rxh5 Ka5 44. Rxe5 dxe5 45. h4 Ka6
46. h5 Kb7 47. h6 a5 48. h7 a4 49. h8=Q a3 50. Qxe5 a2 51. Qa1 b5 52. Qxa2
bxc4+ 53. Kxc4 Kc7 54. Qa6 Kd7 55. Qc6+ Ke7 56. Kc5 Kf7 57. Qe6+ Kg7 58. Kd6
Kh7 59. Ke5 Kg7 60. Kf5 Kh7 61. Qf6 Kg8 62. Qg5+ Kf7 63. Qg6+ Ke7 64. Qc6 Kf7
65. Qc7+ Ke8 66. Kf6 Kf8 67. Qc8# 1-0

[Event "Junior Online 4NCL Division 4"]
[Site "online"]
[Date "2020.10.15"]
[Round "5.84"]
[White "Vyas, Rayaan"]
[Black "Sharma, Ishaan"]
[Result "0-1"]
[WhiteElo "1255"]
[BlackElo "1330"]
[PlyCount "58"]
[EventDate "2020.10.15"]
[WhiteTeam "Barnet Knights C"]
[BlackTeam "JHJ 4"]

1. e4 e5 2. Nf3 Nc6 3. Bc4 h6 4. d3 Nf6 5. h3 Bc5 6. O-O O-O 7. Nc3 d6 8. a3
Be6 9. Bxe6 fxe6 10. b4 Bd4 11. Nxd4 Nxd4 12. f4 c5 13. bxc5 dxc5 14. fxe5 Nd7
15. Rxf8+ Qxf8 16. Qg4 Nxe5 17. Qg3 Qf6 18. Bf4 Ng6 19. Be3 Nxc2 20. Ra2 Nxe3
21. Re2 Rf8 22. Rxe3 Qxc3 23. Qxg6 Qc1+ 24. Kh2 Qxe3 25. Qxe6+ Kh8 26. Qe7 Rf1
27. Qe8+ Kh7 28. Qc8 Qf4+ 29. g3 Qf2# 0-1

[Event "Junior Online 4NCL Division 4"]
[Site "online"]
[Date "2020.10.15"]
[Round "5.85"]
[White "Zhou, Sansan"]
[Black "Xu, Tianyou"]
[Result "0-1"]
[WhiteElo "1337"]
[BlackElo "1390"]
[PlyCount "26"]
[EventDate "2020.10.15"]
[WhiteTeam "Barnet Knights C"]
[BlackTeam "JHJ 4"]

1. e4 e5 2. Nf3 Nc6 3. Bc4 Bc5 4. d4 Bxd4 5. c3 Bb6 6. Qd5 Qe7 7. Ng5 Nh6 8.
Nf3 Ng4 9. Ng5 Nh6 10. Nf3 d6 11. Bg5 Qd7 12. Nh4 Ne7 13. Bxh6 Nxd5 0-1

[Event "Junior Online 4NCL Division 4"]
[Site "online"]
[Date "2020.10.15"]
[Round "5.86"]
[White "Hatem, Mika"]
[Black "Malus, Sean"]
[Result "1-0"]
[WhiteElo "1405"]
[BlackElo "1330"]
[PlyCount "75"]
[EventDate "2020.10.15"]
[WhiteTeam "JHJ 4"]
[BlackTeam "Barnet Knights C"]

1. e4 e5 2. Nf3 Nc6 3. d4 d6 4. dxe5 Nxe5 5. Nxe5 Nf6 6. Nf3 g6 7. Nc3 Bg7 8.
Bd3 Be6 9. O-O Qc8 10. Be3 Ng4 11. Ng5 Nxe3 12. fxe3 Bg4 13. Qe1 f6 14. Nf3 Bh3
15. gxh3 Qxh3 16. Qg3 Qxg3+ 17. hxg3 h5 18. Kf2 O-O-O 19. Nh4 Rde8 20. Ke2 Re5
21. Nxg6 Rh6 22. Nxe5 dxe5 23. Rad1 Rg6 24. Rf3 b6 25. Nd5 Kb7 26. a4 a6 27. a5
bxa5 28. Ne7 Rh6 29. Nf5 Rh7 30. Bc4 Rh8 31. Rd7 Ra8 32. Nd6+ Kc6 33. Rxg7 Kxd6
34. Rxf6+ Kc5 35. Bd5 c6 36. Rxc6+ Kb5 37. Rb7+ Ka4 38. Bb3# 1-0

[Event "Junior Online 4NCL Division 4"]
[Site "online"]
[Date "2020.10.15"]
[Round "5.88"]
[White "Sharma, Ishaan"]
[Black "Vyas, Rayaan"]
[Result "1-0"]
[WhiteElo "1330"]
[BlackElo "1255"]
[PlyCount "57"]
[EventDate "2020.10.15"]
[WhiteTeam "JHJ 4"]
[BlackTeam "Barnet Knights C"]

1. d4 Nf6 2. Nf3 g6 3. Nc3 Bg7 4. e4 d6 5. Be3 O-O 6. Bc4 Bg4 7. O-O Nc6 8. d5
Na5 9. Bd3 a6 10. b4 Nxe4 11. Bxe4 Bxc3 12. Rb1 Nc4 13. Qd3 Nxe3 14. Qxe3 Bg7
15. Nd4 f5 16. Bd3 Bxd4 17. Qxd4 e5 18. dxe6 b6 19. Rfe1 c5 20. Qd5 Re8 21. e7+
Kg7 22. exd8=Q Rxe1+ 23. Rxe1 Rxd8 24. Re7+ Kh6 25. h3 Bh5 26. h4 Rf8 27. f3
Rf6 28. g4 fxg4 29. Qg5# 1-0

[Event "Junior Online 4NCL Division 4"]
[Site "online"]
[Date "2020.10.15"]
[Round "5.91"]
[White "Belur, Ankita"]
[Black "Dalah, Jacob"]
[Result "1-0"]
[WhiteElo "1427"]
[BlackElo "1037"]
[PlyCount "125"]
[EventDate "2020.10.15"]
[WhiteTeam "Barnet Knights B"]
[BlackTeam "May The Fork Be With You 7"]

1. c4 e5 2. Nc3 Nc6 3. Nf3 Nf6 4. d3 Be7 5. g3 d6 6. Bg2 a6 7. O-O Nd4 8. Nd2
c6 9. e3 Bg4 10. f3 Bxf3 11. Nxf3 Nxf3+ 12. Qxf3 O-O 13. a3 Qb6 14. Qf2 Ng4 15.
Qe2 Nf6 16. b4 c5 17. bxc5 dxc5 18. Bd2 Qe6 19. Bxb7 Rab8 20. Bg2 Rb2 21. Rfb1
Rc2 22. Ra2 Rxa2 23. Nxa2 Ng4 24. Bh3 h5 25. Nc3 Qg6 26. Bxg4 hxg4 27. Ne4 Qh5
28. Qg2 f5 29. Nf2 Qf7 30. Rf1 Qh5 31. e4 fxe4 32. Nxe4 Rxf1+ 33. Kxf1 Qf7+ 34.
Kg1 Qh5 35. Be3 Kh7 36. Bxc5 Bxc5+ 37. Nxc5 Qf7 38. Qe4+ g6 39. Qxe5 Kh6 40.
Qf4+ Qxf4 41. gxf4 g5 42. fxg5+ Kxg5 43. Kg2 Kf4 44. Kf2 Kg5 45. Nxa6 Kf4 46.
Nc5 Ke5 47. Kg3 Kd4 48. Kxg4 Kxc5 49. Kg5 Kd4 50. h4 Kxd3 51. h5 Kxc4 52. h6
Kb3 53. h7 Kxa3 54. h8=Q Ka4 55. Qb8 Ka5 56. Qb3 Ka6 57. Qb4 Ka7 58. Qb5 Ka8
59. Kf5 Ka7 60. Ke5 Ka8 61. Kd5 Ka7 62. Kc6 Ka8 63. Qb7# 1-0

[Event "Junior Online 4NCL Division 4"]
[Site "online"]
[Date "2020.10.15"]
[Round "5.92"]
[White "Patel, Kamran"]
[Black "Rupf, Oscar"]
[Result "0-1"]
[WhiteElo "1037"]
[BlackElo "1405"]
[PlyCount "172"]
[EventDate "2020.10.15"]
[WhiteTeam "May The Fork Be With You 7"]
[BlackTeam "Barnet Knights B"]

1. d4 e6 2. Nf3 d5 3. Bf4 c5 4. c3 Nc6 5. e3 a6 6. Bg5 Nf6 7. Bd3 h6 8. Bh4 Be7
9. g4 Nxg4 10. Bg3 Nf6 11. Nbd2 c4 12. Bc2 Qb6 13. Qe2 Qxb2 14. Qd1 Bd7 15. Qb1
Ba3 16. Qxb2 Bxb2 17. Rb1 Bxc3 18. O-O Bxd2 19. Nxd2 b5 20. Bf4 O-O 21. Bg3 Nh5
22. Bd6 Rfd8 23. Ba3 e5 24. dxe5 Nxe5 25. Kh1 Bg4 26. Bd1 Bxd1 27. Rbxd1 Rac8
28. Be7 Rd7 29. Bb4 Rc6 30. Bc3 Nd3 31. Kg2 Rg6+ 32. Kf3 Nf6 33. Rg1 Rxg1 34.
Rxg1 Rd6 35. Be5 Re6 36. Bc3 Re8 37. Bxf6 g6 38. Rg3 b4 39. Nb1 c3 40. Rg1 c2
41. Ke2 c1=Q 42. Rxc1 Nxc1+ 43. Kd2 Nxa2 44. Kc2 Rb8 45. Kb3 Nc1+ 46. Kb2 Nd3+
47. Kb3 Nxf2 48. Be5 a5 49. Bxb8 Kf8 50. Bg3 Ng4 51. Ka4 Nxe3 52. Be5 Ng4 53.
Bc7 Ke7 54. Bxa5 Nxh2 55. Bxb4+ Ke6 56. Nd2 d4 57. Nb3 d3 58. Nc5+ Kf5 59. Nxd3
Kg4 60. Ne5+ Kh5 61. Nxf7 g5 62. Bd6 Ng4 63. Ne5 Nxe5 64. Bxe5 g4 65. Kb4 Kh4
66. Kc3 g3 67. Bd4 Kh3 68. Kd2 Kh2 69. Ke3 h5 70. Kf4 h4 71. Kg4 h3 72. Kh4 g2
73. Bf2 g1=Q 74. Bxg1+ Kg2 75. Bf2 h2 76. Be3 h1=Q+ 77. Kg4 Qh3+ 78. Kf4 Qf3+
79. Ke5 Qxe3+ 80. Kd5 Kf3 81. Kc4 Qd2 82. Kc5 Qd3 83. Kb4 Qc2 84. Kb5 Qc3 85.
Kb6 Qc4 86. Kb7 Qc5 0-1

[Event "Junior Online 4NCL Division 4"]
[Site "online"]
[Date "2020.10.15"]
[Round "5.93"]
[White "Bracken, Layla"]
[Black "Illingworth-Law, Oscar"]
[Result "1-0"]
[WhiteElo "1405"]
[BlackElo "1037"]
[PlyCount "43"]
[EventDate "2020.10.15"]
[WhiteTeam "Barnet Knights B"]
[BlackTeam "May The Fork Be With You 7"]

1. e4 e5 2. Nf3 Nc6 3. Nc3 Nf6 4. Bb5 d5 5. exd5 Nxd5 6. Nxe5 Nxc3 7. bxc3 Qe7
8. d4 f6 9. O-O fxe5 10. dxe5 Qxe5 11. Re1 Qxe1+ 12. Qxe1+ Be7 13. Bg5 O-O 14.
Bxc6 Bxg5 15. Bd5+ Kh8 16. Rd1 Bh4 17. g3 Bg5 18. Qe5 Bd8 19. Bc4 Bh3 20. Qh5
Bd7 21. Rxd7 g6 22. Qxh7# 1-0

[Event "Junior Online 4NCL Division 4"]
[Site "online"]
[Date "2020.10.15"]
[Round "5.94"]
[White "Patel, Rohan"]
[Black "Bruhn, Johann"]
[Result "0-1"]
[WhiteElo "1037"]
[BlackElo "1367"]
[PlyCount "156"]
[EventDate "2020.10.15"]
[WhiteTeam "May The Fork Be With You 7"]
[BlackTeam "Barnet Knights B"]

1. e4 d5 2. Nc3 Nf6 3. e5 d4 4. exf6 dxc3 5. fxg7 Bxg7 6. bxc3 Bf5 7. d4 Nc6 8.
Bb5 a6 9. Ba4 b5 10. Bb3 a5 11. a4 bxa4 12. Bxa4 Ra6 13. Nf3 Bg4 14. h3 Bf5 15.
Ne5 Bxe5 16. dxe5 Qxd1+ 17. Kxd1 O-O 18. Bg5 Be4 19. Rg1 Kh8 20. c4 Nxe5 21.
Bxe7 Rb8 22. f3 Bg6 23. Bb5 Re6 24. Bc5 c6 25. Ba4 Nxc4 26. Bd4+ Kg8 27. Bc3
Ne3+ 28. Kc1 Bf5 29. Bxa5 Ra8 30. Bc3 Rg6 31. g4 Bxc2 32. Kd2 Rxa4 33. Rxa4
Bxa4 34. Kxe3 Re6+ 35. Kf2 Bb5 36. Rd1 Re2+ 37. Kg3 h6 38. Rd8+ Kh7 39. Rd7 Kg8
40. Rd8+ Kh7 41. Rh8+ Kg6 42. h4 Re3 43. Rg8+ Kh7 44. Rg7+ Kh8 45. Rxf7+ Rxc3
46. g5 hxg5 47. hxg5 Bc4 48. Rf4 Bd5 49. g6 c5 50. Rf5 Bc6 51. Rf7 Bd5 52. Rf4
Kg7 53. Rf5 Be4 54. Rf4 Bxg6 55. Rg4 Rd3 56. Kf4 c4 57. Rg2 c3 58. Ke5 Rd2 59.
Rxd2 cxd2 60. f4 d1=Q 61. f5 Bxf5 62. Kxf5 Qf1+ 63. Ke5 Qf3 64. Ke6 Qf4 65. Kd5
Qe3 66. Kd6 Qe4 67. Kc5 Qd3 68. Kc6 Qd4 69. Kb5 Qc3 70. Kb6 Qc4 71. Kb7 Qc5 72.
Ka6 Qb4 73. Ka7 Qb5 74. Ka8 Kf7 75. Ka7 Ke7 76. Ka8 Kd7 77. Ka7 Kc7 78. Ka8
Qb7# 0-1